000 00597nam a2200181 a 4500
001 001105567
003 AM-YeHGA
005 20250618074436.0
008 151012s1945 ||| r 000 0 rus d
040 _aAM-YeHGA
041 0 _arus
100 1 _aПушкин, Александр Сергеевич
_98888
245 1 0 _aПолтава /
_cА.С. Пушкин.
260 _aЛенинград :
_bГос.издат Детской Литературы Наркомпроса РСФСР,
_c1945.
300 _a63 с. :
_bил.
653 0 _aРусская литература
090 _c357978
999 _c356159
_d356159